|
|
|
|
| LEADER |
02026nam a2200433 i 4500 |
| 001 |
EBC5117646 |
| 003 |
MiAaPQ |
| 005 |
20200520144314.0 |
| 006 |
m o d | |
| 007 |
cr cnu|||||||| |
| 008 |
190306s2009 gw a o 000 0 ger d |
| 020 |
|
|
|z 9783486590531
|
| 020 |
|
|
|a 9783110446524 (e-book)
|
| 035 |
|
|
|a (MiAaPQ)EBC5117646
|
| 035 |
|
|
|a (Au-PeEL)EBL5117646
|
| 035 |
|
|
|a (OCoLC)1089010304
|
| 040 |
|
|
|a MiAaPQ
|b eng
|e rda
|e pn
|c MiAaPQ
|d MiAaPQ
|
| 043 |
|
|
|a ff-----
|a e------
|a aw-----
|
| 050 |
|
4 |
|a DG231.3
|b .P655 2009
|
| 082 |
0 |
|
|a 937.02
|2 23
|
| 245 |
0 |
5 |
|a Eine politische Kultur (in) der Krise? :
|b die "letzte Generation" der romischen Republik /
|c herausgegeben von Karl-Joachim Holkeskamp ; unter mitarbeit von Elisabeth Muller-Lucker.
|
| 264 |
|
1 |
|a Munchen :
|b R. Oldenbourg Verlag,
|c [2009]
|
| 264 |
|
4 |
|c 2009
|
| 300 |
|
|
|a 1 online resource (xii, 222 pages) :
|b illustrations.
|
| 336 |
|
|
|a text
|b txt
|2 rdacontent
|
| 337 |
|
|
|a computer
|b c
|2 rdamedia
|
| 338 |
|
|
|a online resource
|b cr
|2 rdacarrier
|
| 490 |
1 |
|
|a Schriften des Historischen Kollegs. Kolloquien ;
|v 73
|
| 588 |
|
|
|a Description based on print version record.
|
| 590 |
|
|
|a Electronic reproduction. Ann Arbor, MI : ProQuest, 2018. Available via World Wide Web. Access may be limited to ProQuest affiliated libraries.
|
| 651 |
|
0 |
|a Rome
|x History
|y Republic, 265-30 B.C.
|v Congresses.
|
| 651 |
|
0 |
|a Rome
|x Politics and government
|y 265-30 B.C.
|v Congresses.
|
| 655 |
|
4 |
|a Electronic books.
|
| 700 |
1 |
|
|a Holkeskamp, Karl-Joachim,
|e editor.
|
| 700 |
1 |
|
|a Muller-Lucker, Elisabeth,
|e contributor.
|
| 776 |
0 |
8 |
|i Print version:
|t Politische Kultur (in) der Krise? : die "letzte Generation" der romischen Republik.
|d Munchen : R. Oldenbourg Verlag, c2009
|h xii, 222 pages
|k Schriften des Historischen Kollegs. Kolloquien ; 73.
|z 9783486590531
|
| 797 |
2 |
|
|a ProQuest (Firm)
|
| 830 |
|
0 |
|a Schriften des Historischen Kollegs.
|p Kolloquien ;
|v 73.
|
| 856 |
4 |
0 |
|u https://ebookcentral.proquest.com/lib/matrademy/detail.action?docID=5117646
|z Click to View
|